Asian concepts of salvation / (Record no. 8143)

MARC details
000 -LEADER
fixed length control field 00434 a2200169 4500
003 - CONTROL NUMBER IDENTIFIER
control field GBCCL
005 - DATE AND TIME OF LATEST TRANSACTION
control field 20241126110644.0
008 - FIXED-LENGTH DATA ELEMENTS--GENERAL INFORMATION
fixed length control field 190408b ||||| |||| 00| 0 eng d
020 ## - INTERNATIONAL STANDARD BOOK NUMBER
International Standard Book Number 8174750614
040 ## - CATALOGING SOURCE
Transcribing agency gbc
082 ## - DEWEY DECIMAL CLASSIFICATION NUMBER
Classification number 234.095
Item number ASI
245 ## - TITLE STATEMENT
Title Asian concepts of salvation /
Statement of responsibility, etc. edited by Emmanuel E James
260 ## - PUBLICATION, DISTRIBUTION, ETC.
Place of publication, distribution, etc. Bangalore :
Name of publisher, distributor, etc. TBT,
Date of publication, distribution, etc. 2009
300 ## - PHYSICAL DESCRIPTION
Extent 214p. ;
650 ## - SUBJECT ADDED ENTRY--TOPICAL TERM
Topical term or geographic name entry element Salvation
Geographic subdivision Asia
9 (RLIN) 14154
942 ## - ADDED ENTRY ELEMENTS (KOHA)
Source of classification or shelving scheme Dewey Decimal Classification
Koha item type Books
Koha issues (borrowed), all copies 3
Holdings
Withdrawn status Lost status Source of classification or shelving scheme Damaged status Not for loan Home library Current Library Shelving location Date acquired Source of acquisition Cost, normal purchase price Total checkouts Full call number Barcode Date last seen Date last checked out Copy number Cost, replacement price Price effective from Koha item type
    Dewey Decimal Classification     GRACE BIBLE COLLEGE GRACE BIBLE COLLEGE Theology 2019-04-04 11 96.00 3 234.095 ASI 014969 2025-05-01 2019-11-19 c.1 120.00 2019-04-04 Books
© Grace Bible College Library 2025